Top 10 Northernmost U.S. States - Statistics

General Stats
  • This quiz has been taken 55 times
  • The average score is 9 of 10
Answer Stats
Latitude State % Correct
71.3870° N Alaska
98%
49.0000° N Washington
98%
47.4597° N Maine
96%
49.0000° N North Dakota
94%
49.0000° N Montana
92%
49.0000° N Idaho
90%
48.1821° N Michigan
90%
49.3828° N Minnesota
88%
47.1836° N Wisconsin
85%
46.1730° N Oregon
75%
No matching quizzes found
Score Distribution
Percent of People with Each Score
Percentile by Number Answered
Your Score History
You have not taken this quiz